Formula 3 Teams 2021 - Statistics

General Stats
  • This quiz has been taken 16 times
  • The average score is 7 of 10
Answer Stats
Base Debut Year Full Team Name % Correct
Grisignano di Zocco, ITA 2019 Prema Racing
100%
Villeneuve-la-Guyard, FRA 2019 ART Grand Prix
87%
Westmaas, NED 2019 MP Motorsport
87%
Milano, ITA 2019 Trident
87%
Valencia, ESP 2019 Campos Racing
73%
Farnham, GBR 2019 Carlin Buzz Racing
67%
Prague, CZE 2019 Charouz Racing System
67%
Silverstone, GBR 2019 Hitech Grand Prix
67%
Affalterbach, GER 2019 HWA Racelab
53%
Lyss, SUI 2019 Jenzer Motorsport
53%
No matching quizzes found
Score Distribution
Percent of People with Each Score
Percentile by Number Answered
Your Score History
You have not taken this quiz